| 000 | 00829nam a2200253 a 4500 | ||
|---|---|---|---|
| 003 | AR-BaBNM | ||
| 005 | 20251128204021.0 | ||
| 008 | 082120s2002 ||||||||||||||000 | spa|| | ||
| 040 | _cAR-BaBNM | ||
| 100 | 1 | _aCaminos, Hugo | |
| 245 | 0 | 0 |
_aConstitución de los Estados Unidos de América _btextos de la declaración de la Independencia y de los artículos de Confederación, la oración de Gettysburg de Lincoln, los presidentes y vicepresidentes norteaméricanos |
| 260 |
_aBuenos Aires _bEl Ateneo _c[ca. 1944] |
||
| 300 | _a105 p. | ||
| 500 | _aIndice p. 3 | ||
| 600 | 1 | 4 | _aLincoln, Abraham |
| 650 | 4 | _aCONSTITUCIONES | |
| 650 | 4 | _aDERECHO CONSTITUCIONAL | |
| 650 | 4 | _aHISTORIA CONSTITUCIONAL | |
| 650 | 4 | _aJEFES DE ESTADO | |
| 650 | 4 | _aPRESIDENCIA | |
| 651 | 4 | _aEstados Unidos | |
| 942 | _cBK | ||
| 998 | _cAndrea | ||
| 999 |
_c5821 _d5821 |
||